000 00795nam a22002177a 4500
005 20100814112556.0
010 _aENG-100034
020 _a9788173716874
_c150.00
035 _aEN-83566
037 _bDBAD/PUB
082 _a616.1207547
100 _aMisra,K.P.
_913620
245 _aA primer of E.C.G:
_ba simple and deductive approach /
_cby K.P.Misra
260 _aHyderabad
_bUniversities press (India)
_c2010
270 _a3-6-747/1/A & 3-6-754/1,HimayatNagar
_bHyderabad
_e500029
300 _a152p.
_c24cm (pbk)
500 _aIncludes index
650 _aE.C.G
_913621
942 _2ddc
_cEN
_h616.1207547
_mMIS
999 _c41816
_d41816